El brazo derecho : tata Gildo /

El libro es una biografía sobre Hermenegildo Galeana, hombre de acción y de episodios épicos durante la gesta independentista de México, que murió asesinado el 27 de junio de 1814 a manos de las fuerzas realistas españolas.

Gorde:
Xehetasun bibliografikoak
Egile nagusia: Ochoa Campos, Humberto (autor)
Formatua: Liburua
Hizkuntza:gaztelania
Argitaratua: México : Secretaría de Educación Pública, Subsecretaría de Asuntos Culturales, 1967, c1967
Saila:(Cuadernos de Lectura Popular ; 75)
(El Hombre en la Historia)
Gaiak:
Etiketak: Etiketa erantsi
Etiketarik gabe, Izan zaitez lehena erregistro honi etiketa jartzen!

MARC

LEADER 00000nam^a2200000^a^4500
001 000138139
005 20250521000000.0
009 20260310095418.623
037 |a Acervo ITESO - Biblioteca 
041 |a ESP 
082 |a 808. 88  |b CUA V. 75 
100 |a Ochoa Campos, Humberto  |e (autor) 
245 1 3 |a El brazo derecho :  |b tata Gildo /  |c H. Ochoa Campos. 
264 4 |a México :  |b Secretaría de Educación Pública, Subsecretaría de Asuntos Culturales,  |c 1967, c1967 
300 |a 62 p. 
336 |a texto  |b txt  |2 rdacontenido 
337 |a sin mediación  |b n  |2 rdamedio 
338 |a volumen  |b nc  |2 rdasoporte 
440 1 |a (Cuadernos de Lectura Popular ;  |v 75) 
440 4 |a (El Hombre en la Historia) 
520 |a El libro es una biografía sobre Hermenegildo Galeana, hombre de acción y de episodios épicos durante la gesta independentista de México, que murió asesinado el 27 de junio de 1814 a manos de las fuerzas realistas españolas. 
649 |a XX 
650 |a Independentistas Mexicanos -  |x Biografías 
650 |a Revolucionarios Mexicanos -  |x Biografías 
650 |a Políticos Mexicanos -  |x Biografías 
650 |a México -  |x Historia -  |y Guerra de Independencia, 1810-1821 
650 |a México -  |x Historia -  |y Virreinato, 1535-1821 
650 |a México -  |x Historia -  |y Epoca Colonial, 1517-1821 
650 |a Galeana, Hermenegildo 
910 |a Fondo Salvador Reynoso Reynoso 
920 |a Impresos - Libros 
930 |a Fondos Especiales 
940 |a Literatura 
905 |a 112 
901 |a 0800014093  |b IT2  |c ESP  |u 20250521 
902 |a https://opac.biblio.iteso.mx/vufind/Record/000138139